00793nam a2200265Ia 4500008004100000020001800041050001400059100002100073245003900094245002400133260001900157260002200176260000900198300001600207300002000223300001000243440002200253650003200275650004500307650002200352700001200374700001100386999001900397952011100416181129s9999 xx 000 0 und d a9780007420223 bP743 2011 aPoe, Edgar Allan 0aTales of mystery and imagination / 0cby Edgar Allan Poe. aNew York, NY : bCollins Classics, c2011 a496 pages : billustrations ; c18cm. aCollins classics. aChildren stories, American. aDetective and mystery stories, American. aHorror, American. aSeries. aTitle. c360153d360153 001040aSSISMbSSISMcSSISMd2018-11-29l0oFIC P743 2011pSSISM5947r2018-11-29 00:00:00w2018-11-29yBK